000 002970000a22001330004500
020 _a968-13-3670-4
082 0 4 _aB G328c
100 1 _aGerth, Melanie
245 1 0 _aCinco Catarinitas / Melanie Gerth
260 _aLos Angeles : Diana
300 _a10 Pag. / 18 cm.
001 1253
942 _cLGB
999 _c48424
_d48424